000 01350cam a22003011 4500
001 l 39000103
003 DLC
005 20260227111537.0
008 820222s1939 dcu f000 0 eng c
010 _al 39000103
035 _a(OCoLC)8178333
040 _aU.S. Dept. of Labor. Libr.
_cVi
_dVi
_dDLC
042 _apremarc
050 0 0 _aHD6093
_b.A3 no. 168
082 _a331.406173 s
086 0 _aL 13.3:no.168
100 1 _aPidgeon, Mary Elizabeth.
245 1 0 _aEmployed women and family support,
_cby Mary Elizabeth Pidgeon and Margaret Thompson Mettert ...
260 _aWashington,
_bU.S. Govt. Print. Off.,
_c1939.
300 _av, 57 p.
_c23 cm.
490 0 _aBulletin of the [U.S.] Women's Bureau,
_vno. 168
500 _aAt head of title: United States Department of Labor. Frances Perkins, secretary. Women's Bureau. Mary Anderson, director.
500 _aThrough the courtesy of the Bureau of the Census the family schedules from three large industrial cities [Fort Wayne, Indiana, Bridgeport, Connecticut, and Richmond, Virginia] in 1930 have been examined. cf. Letter of transmittal.
650 0 _aWomen
_xEmployment
_zIndiana
_zFort Wayne.
650 0 _aWomen
_xEmployment
_zConnecticut
_zBridgeport.
650 0 _aWomen
_xEmployment
_zVirginia
_zRichmond.
700 1 _aMettert, Margaret Jane Thompson,
_d1907-
_ejoint author.
999 _c36301
_d36301